| 000 | 00387nam a22001337a 4500 | ||
|---|---|---|---|
| 020 | _a9787510452130 | ||
| 082 | _a338.951 | ||
| 100 | _aXie Chuntao (Editor) | ||
| 245 |
_aChina's urbanization: migration by the millions _cedited by Xie Chuntao |
||
| 260 |
_aBeijing _bNew World Press _c2014 |
||
| 300 | _a236p | ||
| 942 |
_2ddc _cBK |
||
| 999 |
_c586578 _d586578 |
||